[Event "HUN-chT 2018-19"]
[Site "Szombathely"]
[Date "2018.11.17"]
[Round "1"]
[White "Vovk, Yuri"]
[Black "Horvath, Csaba"]
[Result "1-0"]
[WhiteElo "2565"]
[BlackElo "2507"]
[Annotator "TA"]
[PlyCount "73"]
[EventDate "2018.11.16"]
[EventType "team-tourn"]
[EventCountry "HUN"]
[SourceTitle "playchess.com"]
[Source "ChessBase"]
[SourceQuality "1"]

{[%evp 30,72,30,30,45,63,90,89,117,91,139,116,218,212,208,199,185,149,126,104,116,52,72,0,83,0,0,0,0,0,0,0,0,0,0,-24,-29,-33,-27,-77,-74,-172,29998,29999,29999]} 1. e4 c6 2. d4 d5 3. Nc3 dxe4 4. Nxe4 Bf5 5. Ng3 Bg6 6. h4 h6 7. Nf3 Nd7 8. h5 Bh7 9. Bd3 Bxd3 10. Qxd3 Ngf6 11. Bd2 e6 12. O-O-O Bd6 13. Ne4 Nxe4 14. Qxe4 Nf6 {B19: Classical Caro-Kann: 4...Bf5 main line} 15. Qe2 Bc7 16. Rh4 {[#] LiveBook: 4 Games} O-O $146 {White has an edge.} ({Predecessor:} 16... b5 17. Bb4 Qd5 18. b3 a5 19. Bc5 Nd7 20. c4 bxc4 21. bxc4 Qf5 22. Qe4 Qxe4 23. Rxe4 Nxc5 24. dxc5 {½-½ (41) Mista,A (2575)-Najer,E (2674) Czech Republic 2015}) 17. g4 Qd5 18. c4 Qe4 {[#]} 19. Be3 $1 {Threatens to win with g5.} Bf4 {[#]} ({Not} 19... Nxg4 $2 20. Rg1 $18) 20. Rg1 $1 Bxe3+ (20... Rac8 $16 {is a better defense.}) 21. fxe3 $18 {aiming for g5.} Qh7 22. g5 hxg5 23. Nxg5 Qh6 24. Qf3 Rae8 25. Qf4 (25. Kb1 $16) 25... Re7 26. Qe5 (26. Rh3 $16) 26... Rfe8 (26... b5 $1 $11 {remains equal.}) 27. Rf4 (27. Kb1 $16) 27... Nxh5 $11 28. Rh4 $1 {And now Nh7! would win.} f6 $1 {[%cal Rf6e5]} 29. Qh2 $1 g6 30. Ne4 $36 {[%mdl 2048] Black must now prevent Nxf6+! Black is under pressure.} Qxe3+ 31. Kc2 $1 Rg7 $1 32. Nd6 Rd8 {...Rxd6! is the strong threat.} 33. Re4 Qf3 34. Rxe6 Nf4 35. Rh1 (35. Re4 $17 Qd3+ 36. Kc1) 35... Rxd6 $4 {[%mdl 8192]} (35... Qxh1 $19 36. Qxh1 Nxe6) 36. Qh8+ Kf7 37. Qe8# {Precision: White = 42%, Black = 38%.} 1-0

[Event "HUN-chT 2018-19"]
[Site "Szombathely"]
[Date "2018.11.17"]
[Round "1"]
[White "Balog, Imre"]
[Black "Vovk, Andriy"]
[Result "1-0"]
[WhiteElo "2559"]
[BlackElo "2624"]
[Annotator "RC"]
[PlyCount "107"]
[EventDate "2018.11.16"]
[EventType "team-tourn"]
[EventCountry "HUN"]
[SourceTitle "playchess.com"]
[Source "ChessBase"]
[SourceQuality "1"]

1. e4 c5 2. Nf3 Nc6 3. Bb5 g6 4. O-O Bg7 5. Re1 e5 6. a3 Nge7 7. b4 cxb4 8. axb4 Nxb4 9. Ba3 Nbc6 10. Bd6 O-O 11. Nc3 b6 12. Nd5 Nxd5 13. Bxf8 Qxf8 14. exd5 Qc5 15. c4 Nd4 16. Nxd4 Qxd4 17. Qa4 Bf8 18. d3 Bc5 19. Bxd7 Bxd7 20. Qxd7 a5 21. Kh1 Rf8 22. Rad1 f6 23. f3 Rf7 24. Qe6 Kg7 25. Re4 Qb2 26. f4 Qc2 27. Ree1 exf4 28. d4 Bb4 29. Rc1 Qf2 30. Rf1 Qxd4 31. Rcd1 Qe3 32. Qc6 Qc5 33. Rxf4 Qd6 34. Re4 Rc7 35. Qa8 Rd7 36. Re8 Qf4 37. Qc8 Qc7 38. Rg8+ Kh6 39. Qe8 Bc5 40. Qe6 f5 41. Re8 Qd6 42. Qe1 Qf4 43. Rd3 Qxc4 44. Rh3+ Kg5 45. Qd2+ f4 46. Qe1 Qd4 47. Qh4+ Kf5 48. Re1 Qf2 49. g4+ fxg3 50. Qe4+ Kg5 51. Qe5+ Qf5 52. Qxg3+ Kf6 53. Qc3+ Kg5 54. Re5 1-0

[Event "HUN-chT 2018-19"]
[Site "Szombathely"]
[Date "2018.11.17"]
[Round "1"]
[White "Sadzikowski, Daniel"]
[Black "Onischuk, Vladimir"]
[Result "0-1"]
[WhiteElo "2544"]
[BlackElo "2623"]
[Annotator "TA"]
[PlyCount "104"]
[EventDate "2018.11.16"]
[EventType "team-tourn"]
[EventCountry "HUN"]
[SourceTitle "playchess.com"]
[Source "ChessBase"]
[SourceQuality "1"]

{[%evp 19,104,56,61,53,49,25,19,9,20,20,25,0,0,0,0,0,0,0,0,0,0,0,0,0,0,-42,-19,-14,-20,-35,-35,-35,-37,-37,-36,-37,-37,-40,-26,-26,-21,-21,0,-20,-20,-20,-20,-34,-35,-49,-63,-63,-49,-323,-295,-291,-315,-892,-875,-905,-893,-829,-766,-1017,-1035,-1012,-954,-814,-792,-742,-731,-1829,-1672,-2013,-1957,-29973,-29975,-29975,-29976,-29976,-29977,-29977,-29978,-29978,-29979,-29986,-29987]} 1. e4 d6 2. d4 Nf6 3. Nc3 g6 4. Nf3 Bg7 5. Be2 O-O 6. O-O c6 7. a4 {[%cal Ba2a4,Ba4a5][%mdl 32]} Nbd7 8. Be3 e5 9. dxe5 {B08: Pirc Defence: Classical System} Nxe5 10. Nxe5 dxe5 {LiveBook: 5 Games} 11. Qxd8 {White is slightly better.} Rxd8 12. a5 Be6 13. f3 Bf8 $146 ({Predecessor:} 13... Nd7 14. Na4 Bf8 15. Rfd1 Bb4 16. Bg5 Rdb8 17. Kf1 Kf8 18. Nc3 {½-½ (18) Zhigalko,S (2608)-Kobo,O (2484) Budapest 2018}) 14. Rfd1 Nd7 15. Nb1 b5 16. axb6 axb6 17. Nd2 b5 18. c4 Bc5 19. Kf2 b4 20. Nb3 Bxe3+ 21. Kxe3 Kf8 22. c5 (22. g3 {looks sharper.} Rdc8 23. f4 c5 24. Bd3 Bg4 25. Be2) 22... Rxa1 23. Nxa1 Ke7 24. Nc2 Rb8 25. Rc1 $1 Nxc5 {...Na4 is the strong threat.} 26. Nxb4 $1 Rxb4 27. Rxc5 $15 {[%mdl 4160] [#] Endgame Double Attack. KRB-KRB} Kd6 28. Rc2 c5 29. Rd2+ Kc6 30. Kd3 Rb3+ 31. Kc2 Re3 32. Bd3 $1 c4 33. Bf1 Kc5 34. Re2 Rb3 35. Rd2 f5 36. exf5 $2 {[%mdl 8192]} (36. Be2 $15) 36... Bxf5+ $19 37. Kd1 Bd3 38. Bxd3 $2 (38. Ke1) 38... cxd3 {[%cal Bc4d3,Bd3d2][%mdl 32] KR-KR} ({Don't go for} 38... Rxd3 $2 39. Rxd3 cxd3 40. Kd2 $18) 39. Kc1 Kd4 40. Rd1 Rb8 41. Re1 {[#]} d2+ $1 {[%mdl 576] Deflection, Decoy} 42. Kxd2 Rxb2+ 43. Kc1 Rxg2 44. Re4+ Kd3 45. Rxe5 Rxh2 46. Re7 h5 {[%cal Bh7h5,Bh5h4,Bh4h3,Bh3h2][%mdl 32]} 47. f4 h4 {Black mates.} 48. Rh7 h3 49. Rh4 Rh1+ 50. Kb2 Ke3 51. Rh6 h2 52. Rxg6 Rg1 {[%mdl 64] Decoy. Accuracy: White = 39%, Black = 89%.} 0-1

[Event "HUN-chT 2018-19"]
[Site "Szombathely"]
[Date "2018.11.17"]
[Round "1"]
[White "Babula, Vlastimil"]
[Black "Nagy, Daniel"]
[Result "1-0"]
[WhiteElo "2538"]
[BlackElo "2353"]
[Annotator "TA"]
[PlyCount "79"]
[EventDate "2018.11.16"]
[EventType "team-tourn"]
[EventCountry "HUN"]
[SourceTitle "playchess.com"]
[Source "ChessBase"]
[SourceQuality "1"]

{[%evp 22,79,56,25,37,36,37,35,34,22,28,29,41,55,48,52,117,99,116,106,88,65,152,134,135,152,159,154,149,141,260,153,149,162,153,93,93,87,95,63,67,0,0,0,0,0,0,0,0,0,93,79,60,8,115,116,346,335,29970,29972]} 1. d4 Nf6 2. c4 e6 3. Nc3 c5 4. d5 exd5 5. cxd5 d6 6. Nf3 g6 7. Nd2 Nbd7 8. e4 a6 9. a4 Bg7 10. Be2 O-O 11. O-O Rb8 {A74: Modern Benoni: Classical: 9...a6} (11... Re8 12. Re1 Rb8 13. h3 Qc7 14. Qc2 h6 15. Ra3 g5 16. Nf1 Ne5 17. f4 gxf4 18. Bxf4 Ng6 19. Bh2 c4 20. a5 b5 21. axb6 Qxb6+ {0-1 (39) Navara,D (2734)-Akopian,V (2648) Berlin 2015}) 12. Ra3 {LiveBook: 7 Games} Ne8 13. a5 Nc7 {White is slightly better.} 14. Nc4 Ne5 $146 ({Predecessor:} 14... Qe7 15. Rb3 Ne5 16. Nb6 g5 17. Be3 Na8 18. Nxc8 Rfxc8 19. Qd2 {1-0 (38) Shneider,A (2528)-Rohde,T (2147) Bad Zwesten 2005}) 15. Nb6 Nd7 16. Nxc8 Qxc8 17. Bf4 Ne8 18. Qd2 Ne5 (18... Qd8 $14) 19. Na4 $16 f5 20. Nb6 Qc7 21. exf5 gxf5 ({Black should try} 21... Rxf5 $14 22. h3 Rd8) 22. b4 $1 cxb4 23. Qxb4 Ng6 24. Rc1 Qd8 25. Re3 Rf7 (25... Nxf4 $16 {might work better.} 26. Qxf4 Be5) 26. Re6 (26. Bh5 $18) 26... Nxf4 27. Qxf4 Be5 28. Qb4 (28. Qd2 $142) 28... Qg5 29. Rc4 {Strongly threatening f4.} ({Inferior is} 29. f4 Bxf4 30. Rc4 Be5 $17) 29... Rg7 {[%csl Gg7][%cal Rg5g2] [#]} 30. Bf1 $1 f4 $1 31. Nc8 (31. Qa4 $14 Nc7 32. Rxe5 dxe5 33. Nd7) 31... Nc7 $11 32. Rxc7 {[%mdl 64] Remove Defender} Rxc7 33. Nxd6 Bxd6 34. Qxd6 $40 {[%mdl 128] White attacks.} Rbc8 35. Re5 Qg7 (35... Qg6 $1 $11 36. Qb4 Qf6) 36. h4 {[%mdl 1024] Rg5 is the strong threat. White has strong compensation.} Kh8 37. Bd3 (37. Rg5 $14 Rd7 38. Qxf4) 37... f3 {[#]} ({Don't go for} 37... Rc1+ $2 38. Kh2 $18) (37... Rg8 $11 38. Rg5 {[%mdl 64] Discovered Attack} Qa1+ 39. Kh2 Rf7) 38. g3 $1 $16 Rc1+ $2 (38... Rf7 $16) 39. Kh2 $18 {Black must now prevent Re7.} Rd1 $2 (39... R1c7 $18 40. Qe6 Rf8) 40. Re7 {Accuracy: White = 70%, Black = 41%.} 1-0

[Event "HUN-chT 2018-19"]
[Site "Szombathely"]
[Date "2018.11.17"]
[Round "1"]
[White "Ribli, Zoltan"]
[Black "Almasi, Istvan"]
[Result "1-0"]
[WhiteElo "2537"]
[BlackElo "2401"]
[Annotator "TA"]
[PlyCount "57"]
[EventDate "2018.11.16"]
[EventType "team-tourn"]
[EventCountry "HUN"]
[SourceTitle "playchess.com"]
[Source "ChessBase"]
[SourceQuality "1"]

{[%evp 12,57,0,0,0,0,0,-20,-15,-2,-1,-22,0,0,10,-27,-13,-22,0,0,27,0,42,-1,31,27,27,42,98,88,222,226,224,140,343,333,327,273,1201,1197,1195,1188,786,789,29994,29995,29995,-29990]} 1. Nf3 Nf6 {[%cal Bg8f6,Bf6d5,Bd5b4,Bb4d3][%mdl 32]} 2. c4 c5 3. Nc3 d5 4. cxd5 Nxd5 5. e4 Nb4 6. Bc4 Nd3+ 7. Ke2 Nf4+ {A34: Symmetrical English: 2 Nc3, lines with ...d5} 8. Kf1 {Hoping for d4.} Nd3 9. h4 (9. Ke2 {looks sharper.}) 9... e6 {The position is equal.} 10. Qe2 Nxc1 11. Rxc1 Be7 $146 ({Predecessor:} 11... a6 12. e5 Nc6 13. Rh3 b5 14. Bd3 Bb7 15. Be4 {½-½ (37) Aronian,L (2785)-So,W (2794) London 2016}) 12. e5 Nc6 13. Bd3 Bd7 14. Rh3 Rc8 15. Qe3 Qb6 16. b3 Nd4 17. Ne2 {[%cal Re2d4]} Bc6 18. Nexd4 cxd4 19. Qf4 O-O ({Black should try} 19... Rc7 $14) 20. Kg1 $1 $16 f6 {[#]} (20... Qa5 $16) 21. Rg3 $1 $18 {Qh6 would kill now.} ({Weaker is} 21. Nxd4 fxe5 22. Qxe5 Bxg2 $14) 21... Kh8 {aiming for ...g5!} 22. Nxd4 $40 {[%mdl 128] White has strong attack.} Bd5 $2 (22... fxe5 $16 {keeps fighting.} 23. Qxe5 {[%mdl 64] Double Attack} Rf6) 23. Rxc8 Rxc8 24. Qg4 {[%csl Gg3][%cal Rg4g7]} g6 $2 {[#]} (24... g5) 25. Bxg6 $1 {[%mdl 512] White wants to mate with Bc2.} Rg8 (25... hxg6 26. Qxg6) 26. Qh5 {[%csl Gg6][%cal Rh5h7]} Rxg6 27. Rxg6 {Intending Qh6 and mate.} Qxd4 28. Rg3 Bf8 29. Qg5 $4 {[%mdl 40960] Accuracy: White = 69%, Black = 28%. . Loss on time!?} (29. Qf7 {avoids the disaster.} Qa1+ 30. Kh2 Qh1+ {[%mdl 64] Decoy} 31. Kxh1 Bxg2+ 32. Rxg2 fxe5 33. Qxf8#) 1-0

[Event "HUN-chT 2018-19"]
[Site "Szombathely"]
[Date "2018.11.17"]
[Round "1"]
[White "Szabo, Gergely-Andras-Gyul"]
[Black "Erdos, Viktor"]
[Result "1/2-1/2"]
[WhiteElo "2531"]
[BlackElo "2604"]
[Annotator "TA"]
[PlyCount "46"]
[EventDate "2018.11.16"]
[EventType "team-tourn"]
[EventCountry "HUN"]
[SourceTitle "playchess.com"]
[Source "ChessBase"]
[SourceQuality "1"]

{[%evp 32,46,11,10,24,14,20,13,22,17,19,9,10,0,0,0,0]} 1. d4 Nf6 2. c4 e6 3. g3 d5 4. Nf3 Be7 5. Bg2 O-O 6. O-O dxc4 7. Qc2 a6 8. a4 Bd7 {[%cal Bc8d7,Bd7c6,Bc6d5,Bd5e4][%mdl 32]} 9. Qxc4 Bc6 10. Bg5 Bd5 11. Qc2 Be4 12. Qc1 h6 13. Bxf6 {E05: Open Catalan: 5 Nf3 Be7} Bxf6 14. Rd1 a5 15. Nbd2 {[%cal Bb1d2,Bd2c4,Bc4e5][%mdl 32]} Bxf3 16. Bxf3 c6 17. Nc4 {LiveBook: 7 Games} Nd7 {[%cal Bb8d7,Bd7b6,Bb6d5,Bd5b4][%mdl 32]} 18. Qd2 Be7 {[#] The position is equal.} 19. e3 $146 ({Predecessor:} 19. h4 Bb4 20. Qc2 Nb6 {1-0 (50) Sasikiran,K (2682)-Svetushkin,D (2592) Moscow 2015}) 19... Bb4 20. Qc2 Nb6 21. Ne5 Bd6 22. Nd3 Nd5 23. Qe2 Nb4 1/2-1/2

[Event "HUN-chT 2018-19"]
[Site "Szombathely"]
[Date "2018.11.17"]
[Round "1"]
[White "Gonda, Laszlo"]
[Black "Vajda, Levente"]
[Result "1/2-1/2"]
[WhiteElo "2524"]
[BlackElo "2547"]
[Annotator "TA"]
[PlyCount "52"]
[EventDate "2018.11.16"]
[EventType "team-tourn"]
[EventCountry "HUN"]
[SourceTitle "playchess.com"]
[Source "ChessBase"]
[SourceQuality "1"]

{[%evp 22,52,38,36,42,38,43,41,39,29,37,31,27,31,56,45,31,41,70,0,0,6,12,0,9,0,8,-6,0,0,0,0,0]} 1. Nf3 Nf6 2. g3 c5 3. c4 e6 4. Bg2 d5 5. cxd5 exd5 6. d4 cxd4 7. Nxd4 Nc6 8. Nc3 Qb6 9. Nxc6 bxc6 10. O-O Be7 11. Qc2 {D33: Tarrasch Defence: 6 g3 sidelines} (11. b3 O-O 12. Bb2 Bf5 13. Rc1 Rac8 14. Na4 Qb5 15. Qd4 c5 16. Qe5 Qd7 17. e4 Bxe4 18. Bxe4 dxe4 19. Nxc5 Bxc5 20. Rxc5 Qh3 21. Rxc8 Rxc8 22. Rd1 h6 23. Rd2 Re8 24. Qb5 Rc8 25. Qe5 Re8 26. Qb5 Rc8 27. Qe5 {½-½ (27) Lagno,K (2536)-Kovalevskaya,E (2427) Rostov on Don 2011}) 11... O-O 12. Be3 {LiveBook: 3 Games} Qa6 13. Bd4 $146 {White is slightly better.} ({Predecessor:} 13. Na4 Bg4 14. f3 Bh5 15. Rfc1 Rfe8 16. Qxc6 Qxe2 17. Re1 Qc4 18. Qxc4 dxc4 {1-0 (60) Grant,A (2200)-McGregor,L (1856) Hawick 2008}) 13... Rd8 14. Na4 Bg4 15. e3 Nd7 16. Rfc1 Rac8 17. Nc5 Nxc5 18. Bxc5 Bf6 19. Bf1 Qb7 20. Bd4 (20. Qa4 $14 Qd7 21. Bd4) 20... Bxd4 $11 {The position is equal.} 21. exd4 Qb6 22. Qc3 Rb8 23. Rc2 Bf5 24. Re2 Bg4 25. Rc2 Bf5 26. Re2 Bg4 {Accuracy: White = 69%, Black = 55%.} 1/2-1/2

[Event "HUN-chT 2018-19"]
[Site "Szombathely"]
[Date "2018.11.17"]
[Round "1"]
[White "Popovic, Dusan"]
[Black "Parligras, Mircea-Emilian"]
[Result "1/2-1/2"]
[WhiteElo "2510"]
[BlackElo "2645"]
[Annotator "TA"]
[PlyCount "43"]
[EventDate "2018.11.16"]
[EventType "team-tourn"]
[EventCountry "HUN"]
[SourceTitle "playchess.com"]
[Source "ChessBase"]
[SourceQuality "1"]

{[%evp 9,43,17,3,-1,0,-8,-2,0,7,-8,21,-3,11,6,14,4,5,2,9,-1,0,-27,-22,-23,-7,-13,-5,-14,0,-10,-14,-12,0,0,20,17]} 1. Nf3 d5 2. g3 Bg4 3. Bg2 e6 4. O-O Nf6 5. d3 Be7 6. Ne5 $146 {A07: Réti Opening: New York and Capablanca Systems} ({Predecessor:} 6. Nbd2 c5 7. h3 Bh5 8. g4 Bg6 9. Ne5 Nbd7 10. Nxg6 hxg6 11. e4 dxe4 12. dxe4 Ne5 13. Qe2 g5 {½-½ (32) Ivanchuk,V (2710)-Lupulescu,C (2606) Batumi 2018}) 6... Bh5 $1 7. Qe1 Nbd7 8. Nxd7 Nxd7 9. e4 dxe4 10. dxe4 e5 11. Nd2 O-O 12. Nc4 c6 13. a4 Qc7 14. f4 f6 15. f5 Rfd8 16. Kh1 Nc5 17. b3 {The position is equal.} Rd1 18. Qf2 {[#] And now Rxd1 would win.} Rxf1+ 19. Qxf1 Rd8 {...Rd1 is the strong threat.} 20. Be3 b5 21. Nb2 a6 22. Qf2 {Accuracy: White = 55%, Black = 50%.} 1/2-1/2

[Event "HUN-chT 2018-19"]
[Site "Szombathely"]
[Date "2018.11.17"]
[Round "1"]
[White "Korpa, Bence"]
[Black "Kantor, Gergely"]
[Result "0-1"]
[WhiteElo "2505"]
[BlackElo "2501"]
[Annotator "TA"]
[PlyCount "86"]
[EventDate "2018.11.16"]
[EventType "team-tourn"]
[EventCountry "HUN"]
[SourceTitle "playchess.com"]
[Source "ChessBase"]
[SourceQuality "1"]

{[%evp 18,86,-14,-50,-2,-2,-9,-22,-35,-20,-25,-29,-22,-43,-38,-45,-24,-24,-30,-75,-27,-75,-83,-81,-77,-90,-86,-133,-135,-126,-97,-106,-102,-158,-169,-343,-307,-381,-329,-798,-789,-767,-576,-577,-523,-530,-507,-608,-580,-1201,-1169,-1442,-1586,-914,-900,-893,-866,-726,-622,-29984,-29985,-29985,-29986,-29986,-29987,-29987,-29988,-29988,-29987,-29987,-29988]} 1. Nf3 d5 2. g3 g6 3. Bg2 Bg7 4. d4 Nf6 5. O-O O-O 6. b3 c5 7. Bb2 cxd4 8. Nxd4 e5 {A05: Réti Opening: 1 Nf3 Nf6} 9. Nf3 e4 10. Nd4 {LiveBook: 9 Games} Re8 {Black is slightly better.} (10... e3 $5) 11. c4 $146 ({Predecessor:} 11. Na3 e3 12. f3 b6 13. c4 Bb7 14. Rc1 Na6 15. Nab5 Qd7 16. a3 {0-1 (32) Hafiz,A (2396)-Gagunashvili,M (2573) Tashkent 2017}) 11... dxc4 12. Na3 cxb3 13. Qxb3 Nc6 14. Rfd1 {Threatens to win with Nxc6.} Qe7 15. Nab5 Nxd4 16. Nxd4 h5 17. Rac1 Rd8 18. Qe3 Kh7 19. Qf4 Bd7 {[%cal Bc8d7,Bd7c6,Bc6b5,Bb5a6][%mdl 32]} 20. Qc7 Qe8 21. Nb3 Bc6 22. Qa5 e3 23. f3 Bb5 24. Rxd8 Rxd8 25. Nd4 {[#]} (25. Bf1 $142) 25... Ba6 $1 $17 26. Qa3 $2 {[#]} (26. Ba1 {might work better.}) 26... h4 $1 $19 {[%mdl 512]} 27. Nc2 (27. gxh4 Nd5) 27... hxg3 28. Nxe3 $2 (28. Qxe3 gxh2+ 29. Kxh2) 28... Bh6 29. Nf1 gxh2+ 30. Kxh2 Bxc1 31. Bxc1 Qe5+ 32. Kg1 Qxe2 33. Bb2 Rd1 {[%cal Rd1f1]} 34. Bxf6 Rxf1+ 35. Bxf1 Qxf1+ 36. Kh2 Qf2+ 37. Kh3 Qg1 {( -> ...Bf1+)} 38. Qd6 Bf1+ {Black mates.} 39. Kh4 Qh1+ 40. Kg3 Qg2+ 41. Kh4 Qh3+ 42. Kg5 Qh5+ 43. Kf4 Qh2+ {Precision: White = 27%, Black = 73%.} 0-1

[Event "HUN-chT 2018-19"]
[Site "Szombathely"]
[Date "2018.11.17"]
[Round "1"]
[White "Polak, Tomas"]
[Black "Szajbely, Zsigmond"]
[Result "1-0"]
[WhiteElo "2504"]
[BlackElo "2292"]
[Annotator "TA"]
[PlyCount "57"]
[EventDate "2018.11.16"]
[EventType "team-tourn"]
[EventCountry "HUN"]
[SourceTitle "playchess.com"]
[Source "ChessBase"]
[SourceQuality "1"]

{[%evp 11,57,42,60,50,87,54,55,50,50,52,68,31,26,25,35,22,38,34,45,39,49,46,69,58,81,66,170,168,223,221,294,311,308,316,368,342,439,410,497,502,550,533,581,472,641,637,885,861]} 1. Nf3 c5 2. c4 Nc6 3. Nc3 g6 4. e3 Bg7 5. d4 d6 6. d5 Na5 7. Bd2 {A35: Symmetrical English: 2 Nc3 Nc6 3 Nf3} (7. Bd3 Nf6 8. O-O O-O 9. h3 Bd7 10. e4 e5 11. Bg5 h6 12. Be3 Nh5 13. Re1 Qf6 14. Bf1 b6 {1-0 (59) Belous,V (2566)-Almasi,Z (2700) Abu Dhabi 2015}) 7... b6 8. h3 Nf6 9. e4 {White is slightly better.} O-O 10. Bd3 a6 $146 ({Predecessor:} 10... e5 11. O-O a6 12. Rb1 Nh5 13. Re1 Rb8 14. b3 Qe8 {1-0 (40) Tregubov,P (2470)-Schuster,C (2290) Buenos Aires 1996}) 11. a4 e6 12. O-O exd5 13. exd5 Re8 14. Qc2 Bd7 15. Bf4 Qc7 16. Ng5 Rac8 17. Nce4 Nxe4 18. Nxe4 Nb7 ({Black should play} 18... Re5 $1 $14) 19. Bg5 $18 Rxe4 (19... f5 $142) 20. Bxe4 b5 21. axb5 axb5 22. Ra7 Qb6 23. Rfa1 bxc4 24. Qxc4 h6 25. Be3 {White is clearly winning.} Re8 26. Bd3 Bc8 27. Qb5 Qxb5 28. Bxb5 Re7 29. Ra8 {Accuracy: White = 70%, Black = 27%.} 1-0

[Event "HUN-chT 2018-19"]
[Site "Szombathely"]
[Date "2018.11.17"]
[Round "1"]
[White "Horvath, Jozsef"]
[Black "Indjic, Aleksandar"]
[Result "1/2-1/2"]
[WhiteElo "2494"]
[BlackElo "2618"]
[Annotator "TA"]
[PlyCount "107"]
[EventDate "2018.11.16"]
[EventType "team-tourn"]
[EventCountry "HUN"]
[SourceTitle "playchess.com"]
[Source "ChessBase"]
[SourceQuality "1"]

{[%evp 17,107,14,16,12,25,14,23,16,32,25,25,27,27,4,51,32,46,54,45,45,51,42,31,42,44,39,48,42,46,43,47,47,49,53,54,37,37,37,37,39,40,41,26,4,86,88,104,83,111,111,111,111,111,94,111,111,111,111,111,111,111,111,111,111,111,111,111,111,111,111,111,111,111,111,111,111,111,111,111,0,110,45,45,16,1717,1528,1118,263,263,263,262,312]} 1. Nf3 Nf6 2. c4 e6 3. d4 c5 4. e3 d5 5. cxd5 exd5 6. Nc3 a6 7. Be2 {[%cal Bf1e2,Be2d3,Bd3f5][%mdl 32]} b5 8. dxc5 Bxc5 9. O-O O-O 10. b3 {D40: Queen's Gambit Declined: Semi-Tarrasch with 5 e3} Bb7 11. Bb2 Nbd7 12. Bd3 $146 {White has an edge.} ({Predecessor:} 12. Rc1 Rc8 13. Bd3 Ne4 14. Bb1 Ndf6 15. Ne2 Re8 16. Ned4 Bf8 17. Rxc8 Bxc8 {½-½ (48) Juhasz,K (2330)-Short,N (2697) Pattaya 2013}) 12... Re8 13. Bf5 Qe7 14. Rc1 Rad8 15. Rc2 Bd6 16. Ne2 Ne5 17. Nxe5 Bxe5 18. Bxe5 Qxe5 19. Nd4 g6 20. Bd3 h5 21. Qf3 Rc8 22. Rfc1 Rxc2 23. Rxc2 Rc8 24. Qf4 Nd7 25. Rxc8+ Bxc8 26. Qxe5 (26. Kf1 {is interesting.} Qxf4 27. exf4 Kf8 28. Ke2 Ke7 29. Ke3) 26... Nxe5 $14 {[%mdl 4096] Endgame KBN-KBN} 27. Be2 Kf8 28. Kf1 Ke7 29. Ke1 Kd6 30. a3 Nc6 (30... Kc5 $11) 31. Nxc6 $16 Kxc6 {KB-KB} 32. b4 Kd6 33. Kd2 Ke5 34. f4+ Kd6 35. Kc3 f5 36. g3 Bd7 37. Kd4 Bc8 38. Bd1 Bd7 39. Bb3 Be6 40. a4 Bf7 41. axb5 axb5 42. Bd1 Be6 43. Be2 Bd7 44. Bf1 Be8 45. Bg2 $1 {[%cal Rg2d5]} Bf7 46. Bf3 Be6 47. Bd1 Bc8 48. Bf3 Be6 {[#]} 49. h3 (49. Kd3 $1 $16) 49... Bf7 $14 50. g4 h4 $2 {[%mdl 8192] [#]} (50... fxg4 $11 51. hxg4 h4) 51. gxf5 $1 $18 gxf5 52. Be2 $2 (52. Bd1 Be8 53. Bc2) 52... Be8 53. Bf1 Bc6 54. Bg2 {[%mdl 32768] Accuracy: White = 70%, Black = 56%. . An unexpected result.} 1/2-1/2

[Event "HUN-chT 2018-19"]
[Site "Szombathely"]
[Date "2018.11.17"]
[Round "1"]
[White "Horvath, Adam"]
[Black "Kovacevic, Blazimir"]
[Result "1-0"]
[WhiteElo "2493"]
[BlackElo "2497"]
[Annotator "TA"]
[PlyCount "109"]
[EventDate "2018.11.16"]
[EventType "team-tourn"]
[EventCountry "HUN"]
[SourceTitle "playchess.com"]
[Source "ChessBase"]
[SourceQuality "1"]

{[%evp 20,109,47,43,33,40,39,13,35,32,31,44,50,59,56,52,57,43,59,66,71,46,46,52,56,46,56,29,72,64,59,45,60,50,53,7,0,-6,39,28,38,40,39,-2,42,40,81,79,91,81,133,131,128,87,113,79,83,94,85,105,444,429,406,436,654,633,656,650,598,573,960,771,1745,1682,1697,1612,1857,1850,1581,1444,29983,29984,29984,29985,29985,29986,29986,29987,29992,29991,29997,29998]} 1. e4 d5 2. exd5 Qxd5 3. Nc3 Qd6 4. d4 Nf6 5. Nf3 c6 6. Ne5 Nbd7 {B01: Scandinavian Defence} 7. Nc4 Qc7 8. Qf3 Nb6 9. Bf4 Qd7 10. Nxb6 axb6 11. O-O-O {LiveBook: 29 Games} Qd8 12. Qe3 $146 {Black must now prevent d5.} (12. h3 e6 13. Bc4 Be7 14. g4 {½-½ (32) Grischuk,A (2750)-Rapport,R (2698) chess.com INT 2017}) ({Predecessor:} 12. h3 e6 13. Bc4 Be7 14. h4 {½-½ (36) De Wit,A (2065)-May,J (2009) ICCF email 2013}) 12... e6 13. Bc4 (13. d5 $5 Bc5 14. Qe5 $14) 13... Be7 14. Be5 b5 15. Bb3 O-O 16. Qg3 Nh5 17. Qf3 Nf6 18. h4 b4 19. Ne4 Nd5 20. h5 f6 21. Bh2 b6 22. Rhe1 Qd7 23. Kb1 Ba6 24. c4 bxc3 $1 25. Nxc3 Kh8 26. Qe4 Bc8 27. g4 Bb4 28. Rc1 (28. Qd3 {keeps more tension.} Ba6 29. Qc2 Bb7 30. Qd3 Ba6) 28... Qf7 29. Rg1 h6 30. Nxd5 exd5 31. Qf4 {And now a3 would win.} Bd7 (31... c5 $5 {[%cal Rc5c4]}) 32. a3 Ba5 33. Bc2 {Threatens to win with b4.} b5 34. Qf3 $36 {[%mdl 2048] White has strong initiative.} Be6 (34... Qg8 $142) 35. Qd3 {[%csl Gc2][%cal Rd3h7] [#]} Qg8 36. f3 {[%cal Bf2f3,Bf3f4,Bf4g5][%mdl 32]} Rfe8 37. Rg2 Bd7 38. f4 {Strongly threatening g5.} Re4 39. g5 {[#] Hoping for gxh6.} hxg5 $2 {[%mdl 8192]} (39... Qf7 $16 {is more resistant.}) 40. fxg5 $18 f5 41. Be5 Re8 (41... Rxe5 $142 42. dxe5 Bc7) 42. h6 R8xe5 43. hxg7+ ({Not} 43. dxe5 g6 $18) 43... Kxg7 {...Re3 is the strong threat.} 44. dxe5 f4 45. Qf1 Qh7 46. g6 Qh4 47. Bxe4 dxe4 48. Qg1 e3 49. Rh2 Bf5+ 50. Ka1 {White mates.} Qg3 51. Rh7+ Kg8 52. Qh1 Qxg6 53. Rh6 Qg7 54. Qxc6 e2 55. Qe8+ {Accuracy: White = 74%, Black = 39%.} 1-0